000 00951nam a2200229 a 4500
001 BRL_1556
005 20190320211248.0
008 151116s1983----mx-a######---#000-0#spa-#
020 _a9688370800
041 _aspa
044 _amx
050 4 _aF1220.C6
_b.M96 1983
245 1 0 _aEl mundo de Donald Cordry
_c[textos, Luisa F. Rico Mansard, Rosa Ma. Sánchez Lara].
260 _a[Ciudad de México]
_bMuseo Universitario de Ciencias y Arte, Centro de Investigación y Servicios Museológicos, Coordinación de Extensión Universitaria, UNAM
_c[1983]
300 _a59 p.
_bil. (algunas a color), retratos
_c25 cm.
500 _aIncluye notas biográficas de Donald Cordry
600 1 4 _aCordry, Donald Bush
_d1907-1978
_vExposiciones
_927266
650 1 4 _aArte indígena
_vExposiciones
_zMéxico
_92095
700 1 _aRico Mansard, Luisa F.
_qLuisa Fernanda Francisca
_927267
700 1 _aSánchez Lara, Rosa Ma.
_qRosa María
_927268
942 _2lcc
_cB
999 _c10365
_d10365